000 00469nam a2200145Ia 4500
008 100122s9999 xx 000 0 und d
082 _b16446
_a823.08
100 _aदसनूरकर स्नेहलता
245 _aप्रियदर्शिनी
260 _bज्ञानदा प्रकाशन
_c1970
300 _a175
630 _aप्रियदर्शिनी
730 _aप्रियदर्शिनी
942 _cBOOK
999 _c406391
_d406388